Datum a čas kvízu
28.5
Celkem bodů
Celkový počet nahraných bodů na tomto kvízu bez doplňovacích otázek.
4.
Pořadí na kvízu
Konečné umístění týmu na tomto kvízu.
Zaznamenané odpovědi
| # | Otázka | Odpověď | Body | Výsledky |
|---|---|---|---|---|
| 1. | V pondělí byla v Praze na Lete... | ruská zneškodněná vojenská technika | 1 | |
| 2. | Nejvyšší unijní soud se postav... | sýr feta | 0 | |
| 3. | Ve středu vystoupila v pražské... | Kiss | 0 | |
| 4. | Ve středu nám noční obloha nab... | superúplněk (superměsíc) | 1 | |
| 5. | FC Baník Ostrava slaví 100. vý... | Celtic Glasgow | 1 | |
| 6. | V tomto tématu navážeme na náš... | Agent Orange, Spolana Neratovice | 0.5 | |
| 7. | Strelície pochází z Jihoafrick... | A) Jiří III. | 1 | |
| 8. | Vlajka na obrázku byla poprvé... | buddhismu | 1 | |
| 9. | Poznáte podle obrázku, o který... | Orange Is the New Black (Holky za mřížemi), Netflix | 1 | |
| 10. | Francouzská módní značka, její... | Hermès | 0 |